Emojis d'animaux (quiz complet) - Statistiques

Statistiques générales
  • Ce quiz a été pris 79 fois
    72 depuis la dernière actualisation
  • Le résultat moyen est 81 sur 106
Statistiques - réponses
Hint Réponse % Correct
🐷🐖 Cochon
96%
🦔 Hérisson
96%
🦘 Kangourou
96%
🐻 Ours
96%
🦇 Chauve-souris
94%
🐶🐕 Chien
94%
🐼 Panda
94%
🐵🐒 Singe
94%
🐐 Chèvre
92%
🦍 Gorille
92%
🐑 Mouton
92%
🐀 Rat
92%
🐮🐄 Vache
92%
🐱🐈 Chat
90%
🐪 Dromadaire
90%
🐴🐎 Cheval
88%
🐘 Eléphant
88%
🦒 Girafe
88%
🦉 Hibou
88%
🐨 Koala
88%
🦁 Lion
88%
🦥 Paresseux
88%
🦊 Renard
88%
🐗 Sanglier
88%
🐯🐅 Tigre
88%
🦅 Aigle
86%
🐳🐋 Baleine
86%
🦆 Canard
86%
🐓 Coq
86%
🦀 Crabe
86%
🦐 Crevette
86%
🐬 Dauphin
86%
🦜 Perroquet
86%
🐔 Poule
86%
🐭🐁 Souris
86%
🐫 Chameau
84%
🐞 Coccinelle
84%
🐌 Escargot
84%
🦙 Lama
84%
🐰🐇 Lapin
84%
🐺 Loup
84%
🦋 Papillon
84%
🐣🐤🐥 Poussin
84%
🦈 Requin
84%
🐝 Abeille
82%
🕷️ Araignée
82%
🕊️ Colombe
82%
🦩 Flamant rose
82%
🐸 Grenouille
82%
🦄 Licorne
82%
🐟 Poisson
82%
🦓 Zèbre
82%
🦦 Loutre
80%
🪰 Mouche
80%
🦟 Moustique
80%
🦚 Paon
80%
🐙 Poulpe
80%
🐍 Serpent
80%
🐢 Tortue
80%
🦌 Cerf
78%
🐛 Chenille
78%
🦃 Dinde
78%
🦕🦖 Dinosaure
78%
🐜 Fourmi
78%
🦎 Lézard
78%
🐻‍❄️ Ours polaire
78%
🐊 Crocodile
76%
🐲🐉 Dragon
76%
🐿️ Ecureuil
76%
🐹 Hamster
76%
🐧 Manchot
76%
🦝 Raton laveur
76%
🦏 Rhinocéros
76%
🐚 Coquillage
75%
🦢 Cygne
75%
🦛 Hippopotame
75%
🦂 Scorpion
75%
🦑 Calamar
73%
🐩 Caniche
73%
🪸 Corail
73%
🪼 Méduse
73%
🦞 Homard
71%
🐂 Taureau
71%
🦫 Castor
69%
🦣 Mammouth
69%
🦭 Phoque
69%
🦗 Sauterelle
69%
🫏 Âne
67%
🦧 Orang-outan
67%
🪱 Ver de terre
67%
🐈‍⬛ Chat noir
63%
🐆 Léopard
63%
🐏 Bélier
61%
🪳 Cafard
61%
🦤 Dodo
55%
🫎 Elan
53%
🦡 Blaireau
51%
🦨 Moufette
51%
🐃 Buffle
49%
🦬 Bison
47%
🪲 Scarabée
45%
🐦 Oiseau
41%
🐡 Poisson-globe
39%
🐕‍🦺 Chien d'assistance
25%
🦮 Chien guide
25%
🐠 Poisson chirurgien bleu
0%
Aucun quiz correspondant
Distribution des résultats
% des personnes avec chaque résultat
Percentile par nombre de réponses
Votre historique - résultats
Vous n’avez pas pris ce quiz depuis la dernière actualisation